معارف الحدیث جلد ششم (Record no. 64905)

MARC details
000 -LEADER
fixed length control field 00274nam a22001097a 4500
082 ## - DEWEY DECIMAL CLASSIFICATION NUMBER
Classification number 297.28 م ن ظ
100 ## - MAIN ENTRY--AUTHOR NAME
Personal name مولانا منظور نعمانی
245 ## - TITLE STATEMENT
Title معارف الحدیث جلد ششم
260 ## - PUBLICATION, DISTRIBUTION, ETC. (IMPRINT)
Place of publication کراچی
Year of publication ۱۹۹۳
300 ## - PHYSICAL DESCRIPTION
Number of Pages ۳۳۲
942 ## - ADDED ENTRY ELEMENTS (KOHA)
Koha item type Books
Holdings
Withdrawn status Lost status Collection code Home library Current library Date acquired Full call number Accession Number Koha item type
    Reference Reference Section Reference Section 03/07/2019 297.28 م ن ظ (Shelf - 17B) R7452 Books